| 000 | 00624nam a22001817a 4500 | ||
|---|---|---|---|
| 003 | 0 | ||
| 005 | 20230919112455.0 | ||
| 008 | 230919b xxu||||| |||| 00| 0 eng d | ||
| 020 | _a978-0-099-54153-0 | ||
| 050 |
_aPS 3511 _b.F553 2010 |
||
| 100 | _aFitzgerald, Scott F. | ||
| 245 |
_aThe great gatsby _cScott F. Fitzgerald |
||
| 260 |
_aLondon _bVintage _cc2010. |
||
| 300 |
_a148 pages ; _c20cm. |
||
| 500 | _aFitzgerald, F. Scott (Francis Scott), 1896-1940. - Great Gatsby -- Juvenile literature. | ||
| 600 | _aFitzgerald, F. Scott (Francis Scott), 1896-1940. - Great Gatsby -- Juvenile literature. | ||
| 942 |
_2lcc _cBK |
||
| 999 |
_c365325 _d365325 |
||